日本書籍出版協会会員出版社 - Statistics

General Stats
  • This quiz has been taken 77 times
  • The average score is 16 of 391
Answer Stats
Answer % Correct
小学館
81%
講談社
79%
集英社
76%
KADOKAWA
52%
岩波書店
50%
新潮社
47%
秋田書店
41%
文藝春秋
38%
東京書籍
34%
学研ホールディングス
31%
三省堂
28%
筑摩書房
28%
光文社
26%
東京大学出版会
24%
中央公論新社
22%
ポプラ社
21%
NHK出版
21%
京都大学学術出版会
19%
早川書房
19%
山川出版社
19%
早稲田大学出版部
19%
旺文社
17%
大阪大学出版会
17%
九州大学出版会
17%
東北大学出版会
17%
法政大学出版局
17%
北海道大学出版会
17%
慶應義塾大学出版会
16%
主婦の友社
16%
大日本図書
16%
白水社
16%
白泉社
16%
有斐閣
16%
昭文社
14%
数研出版
14%
名古屋大学出版会
14%
河出書房新社
12%
教育出版
12%
中央大学出版部
12%
徳間書店
12%
日経BP
12%
勁草書房
10%
双葉社
10%
ダイヤモンド社
9%
東洋経済新報社
9%
福音館書店
9%
扶桑社
9%
マガジンハウス
9%
みすず書房
9%
PHP研究所
9%
医学書院
7%
偕成社
7%
実業之日本社
7%
主婦と生活社
7%
少年画報社
7%
成美堂
7%
創元社
7%
草思社
7%
第三文明社
7%
大修館書店
7%
ナツメ社
7%
二宮書店
7%
ミネルヴァ書房
7%
潮出版社
5%
オーム社
5%
関西大学出版部
5%
ぎょうせい
5%
実教出版
5%
成美堂出版
5%
大学書林
5%
中央経済社ホールディングス
5%
東海大学出版部
5%
ナカニシヤ出版
5%
日本評論社
5%
日本文教出版
5%
ひかりのくに
5%
フレーベル館
5%
平凡社
5%
丸善出版
5%
JTBパブリッシング
5%
明石書店
3%
岩崎書店
3%
インプレスホールディングス
3%
大月書店
3%
開隆堂出版
3%
化学同人
3%
柏書房
3%
かんき出版
3%
関西学院大学出版会
3%
研究社
3%
玄光社
3%
弘文社
3%
弘文堂
3%
サイエンス社
3%
三修社
3%
サンマーク出版
3%
清水書院
3%
晶文社
3%
新学社
3%
新興出版社啓林館
3%
新書館
3%
人文書院
3%
青土社
3%
大和書房
3%
高橋書店
3%
東京創元社
3%
東京堂出版
3%
日本文芸社
3%
ひつじ書房
3%
フォレスト出版
3%
婦人之友社
3%
プレジデント社
3%
ベースボールマガジン社
3%
ベネッセコーポレーション
3%
ユーキャン 学び出版事業所
3%
あかね書房
2%
朝倉書店
2%
明日香出版社
2%
あすなろ書房
2%
池田書店
2%
音楽之友社
2%
開拓社
2%
学芸出版社
2%
鹿島出版会
2%
共立出版
2%
きんざい
2%
金の星社
2%
くろしお出版
2%
佼成出版社
2%
晃洋書房
2%
古今書院
2%
小峰書店
2%
コロナ社
2%
サンリオ
2%
自治体研究社
2%
思文閣出版
2%
春秋社
2%
春風社
2%
裳華房
2%
新星出版社
2%
新日本出版社
2%
駿河台出版社
2%
青幻舎
2%
青山社
2%
成山堂書店
2%
青春出版社
2%
成文堂
2%
世界文化ホールディングス
2%
第三書房
2%
大和出版
2%
玉川大学出版部
2%
童心社
2%
同友館
2%
永岡書店
2%
二玄社
2%
日貿出版社
2%
日本教文社
2%
日本加除出版
2%
日本能率協会マネジメントセンター
2%
日本法令
2%
培風館
2%
白桃書房
2%
文英堂
2%
ベレ出版
2%
法律文化社
2%
ほるぷ出版
2%
三笠書房
2%
みくに出版
2%
光村教育図書
2%
緑書房
2%
吉川弘文館
2%
BL出版
2%
NTT出版
2%
TAC出版
2%
WAVE出版
2%
旭屋出版
0%
梓出版社
0%
アリス館
0%
家の光協会
0%
医歯薬出版
0%
和泉書院
0%
井上書院
0%
今人舎
0%
内田老鶴圃
0%
芸艸堂
0%
英宝社
0%
大阪教育図書
0%
御茶の水書房
0%
オトバンク
0%
海青社
0%
海文堂出版
0%
解放出版社
0%
学事出版
0%
学術図書出版社
0%
学陽書房
0%
風間書房
0%
金子書房
0%
金原出版
0%
川島書店
0%
河原書店
0%
翰林書房
0%
萌書房
0%
紀伊國屋書店出版部
0%
技報堂出版
0%
求龍堂
0%
協同医書出版社
0%
京都新聞出版センター
0%
銀行研修社
0%
金星堂
0%
近代消防社
0%
近代セールス社
0%
金芳堂
0%
くもん出版
0%
暮しの手帖社
0%
クリエテ関西
0%
クレオ
0%
経済界
0%
芸術新聞社
0%
溪水社
0%
敬文堂
0%
現代図書
0%
建帛社
0%
好学社
0%
光生館
0%
恒星社厚生閣
0%
光文書院
0%
公論社
0%
国政情報センター
0%
国土社
0%
ごま書房新社
0%
さ・え・ら書房
0%
嵯峨野書院
0%
山喜房佛書林
0%
三共出版
0%
産業図書
0%
産業能率大学出版部
0%
サンクチュアリ・パブリッシング
0%
サンパウロ
0%
三宝出版
0%
サンライズ出版
0%
産労総合研究所
0%
視覚デザイン研究所
0%
柴田書店
0%
ジャパンタイムズ出版
0%
自由國民社
0%
樹村房
0%
旬報社
0%
春陽堂書店
0%
翔泳社
0%
彰国社
0%
商事法務
0%
少年写真新聞社
0%
昇龍堂出版
0%
照林社
0%
昭和堂
0%
女子栄養大学出版部
0%
女子パウロ会
0%
信山社出版
0%
診断と治療社
0%
新評論
0%
すばる舎
0%
スマートゲート
0%
スリーエーネットワーク
0%
聖教新聞社出版局
0%
生産性出版
0%
誠信書房
0%
聖徳大学出版会
0%
清文堂出版
0%
誠文堂新光社
0%
税務経理協会
0%
税務研究会
0%
清流出版
0%
青林書院
0%
世界思想社教学社
0%
増進堂・受験研究社
0%
ソニー・ミュージックソリューションズ
0%
体育とスポーツ出版社
0%
第一出版
0%
第一法規
0%
大学教育出版
0%
大創出版
0%
大東出版社
0%
高菅出版
0%
淡交社
0%
千倉書房
0%
竹林館
0%
地人書館
0%
チャイルド本社
0%
中央法規出版
0%
鳥影社
0%
築地書館
0%
ディスカヴァー・トゥエンティワン
0%
電気書院
0%
天声社
0%
トゥーヴァージンズ
0%
同学社
0%
東急エージェンシー
0%
東京化学同人
0%
東京学参
0%
東京電機大学出版局
0%
東京図書
0%
東京美術
0%
東信堂
0%
刀水書房
0%
同成社
0%
同文舘出版
0%
同文書院
0%
東方出版
0%
東方書店
0%
東洋館出版社
0%
朱鷺書房
0%
図書文化社
0%
永井書店
0%
永末書店
0%
中山書店
0%
南雲堂
0%
南江堂
0%
西村書店
0%
日栄社
0%
日外アソシエーツ
0%
日科技連出版社
0%
日刊工業新聞社出版局
0%
日東書院本社
0%
日本医事新報社
0%
日本ヴォーグ社
0%
日本漢字能力検定協会
0%
日本棋院
0%
日本経済評論社
0%
日本実業出版社
0%
日本統計協会
0%
ニュートンプレス
0%
ネオテクノロジー
0%
燃焼社
0%
農山漁村文化協会
0%
白帝社
0%
博文館新社
0%
博友社
0%
白揚社
0%
原書房
0%
判例時報社
0%
東本願寺出版
0%
東山書房
0%
ビジネス教育出版社
0%
檜書店
0%
評論社
0%
平河出版社
0%
風鳴舎
0%
福村出版
0%
冨山房
0%
プレアデス出版
0%
フレグランスジャーナル社
0%
ブロンズ新社
0%
文一総合出版
0%
文化学園文化出版局
0%
文化書房博文社
0%
文眞堂
0%
文理
0%
平楽寺書店
0%
勉誠出版
0%
法研
0%
法蔵館
0%
北隆館
0%
歩行開発研究所
0%
本願寺出版社
0%
丸元
0%
光村推古書院
0%
未来社
0%
明治書院
0%
メイツユニバーサルコンテンツ
0%
メディアイランド
0%
メディカル・サイエンス・インターナショナル
0%
森北出版
0%
森山書店
0%
八木書店
0%
薬事日報社
0%
柳原出版
0%
山口書店
0%
雄山閣
0%
有信堂高文社
0%
ユニ・プラン
0%
養賢堂
0%
養徳社
0%
吉岡書店
0%
ライフサイエンス出版
0%
理工図書
0%
理論社
0%
臨川書店
0%
ロングセラーズ
0%
早稲田教育出版
0%
CCCメディアハウス
0%
TOTO出版
0%
No matching quizzes found
Score Distribution
Percent of People with Each Score
Percentile by Number Answered
Your Score History
You have not taken this quiz